000 006270000a22002170004500
003 LK-CoMWRAF
005 20231211135308.0
008 230817t2003 ||||| |||| 00| 0 eng d
020 _a0952652315
040 _aLK-CoMWRAF
_dLK-CoMWRAF
_eLK-CoMWRAF
041 _aeng
082 _a305.42
_bWE
245 _aWe are making changes :
_ba handbook by and for young Asian women
260 _aLondon:
_bAsian women unite publication,
_c2003
300 _a22 p. ; 30 cm
650 _aASIANS-Great Britain
650 _aYoung women- Great Britain
700 _aWilson, Amrit
_ecomp.
700 _aPatel, Kiran
_eills.
942 _cBK
999 _c684
_d684